Estética de lo performativo
Gardado en:
| Autor Principal: | |
|---|---|
| Formato: | Libro |
| Idioma: | Lingua castelá |
| Publicado: |
Madrid
Abada Editores
2014
|
| Edición: | 2a. ed |
| Series: | Lecturas de Estética
|
| Subjects: | |
| Tags: |
Engadir etiqueta
Sen Etiquetas, Sexa o primeiro en etiquetar este rexistro!
|
MARC
| LEADER | 00000cam a2200000 a 4500 | ||
|---|---|---|---|
| 001 | UCD7276 | ||
| 003 | CL-VaPUC | ||
| 008 | 170317e20140000sp |||||||||||||||||spa|d | ||
| 020 | |a 9788415289180 | ||
| 082 | 0 | 4 | |a 792.015 |b FIS |2 21 |
| 100 | 0 | |a Fischer-Lichte, Erika |e author |9 591238 | |
| 245 | 1 | 0 | |a Estética de lo performativo |
| 250 | |a 2a. ed | ||
| 300 | |a 427 p | ||
| 942 | |c BK | ||
| 945 | |d 20170317 22:16:00 |a dcastane | ||
| 260 | |a Madrid |b Abada Editores |c 2014 | ||
| 650 | 0 | |a Artes escénicas |9 318853 | |
| 650 | 0 | |a Performance (Arte) |9 484507 | |
| 650 | 0 | |a Estética del arte |9 413091 | |
| 583 | |a last modification |c 20170317 22:16:00 |k Rodrigo Vera | ||
| 490 | 0 | |a Lecturas de Estética | |
| 999 | |c 367338 |d 367336 | ||
| 952 | |0 0 |1 0 |3 erb |4 0 |6 792_015000000000000_FIS_2014 |7 0 |8 A |9 482168 |a BIBART |b BIBART |i 5366585 |l 3 |m 1 |o 792.015 FIS 2014 |p 5366585 |r 2025-04-21 |s 2025-04-21 |w 2019-11-24 |y BK |z Catalogado en:20170317 |k ART | ||